[Event "Superbet POL Rapid 2024"]
[Site "Warsaw POL"]
[Date "2024.05.08"]
[Round "1.1"]
[White "Abdusattorov, Nodirbek"]
[Black "Giri, Anish"]
[Result "1-0"]
[WhiteTitle "GM"]
[BlackTitle "GM"]
[WhiteElo "2766"]
[BlackElo "2745"]
[WhiteFideId "14204118"]
[BlackFideId "24116068"]
[EventDate "2024.05.08"]

1. e4 e5 2. Nf3 Nc6 3. g3 Nf6 4. d3 Bc5 5. Bg2 d6 6. Nc3 a5 7. h3 h6 8. O-O O-O
9. Kh2 Nd4 10. Nxd4 Bxd4 11. Ne2 Bb6 12. f4 a4 13. Bd2 c6 14. Bc3 Re8 15. Qd2
Bc7 16. Rf2 c5 17. Raf1 Ra6 18. b3 b5 19. Bb2 axb3 20. axb3 b4 21. Qc1 Qe7 22.
Kh1 Rf8 23. g4 Nh7 24. Ng1 Ra2 25. Qb1 Ra8 26. f5 Bb7 27. Bc1 f6 28. Ne2 Bb6 29.
Be3 Bc6 30. h4 Ra6 31. Qc1 Rfa8 32. Ng3 Bd8 33. Bf3 Qa7 34. Qd2 Ra1 35. Nh5 Kh8
36. Kh2 Rxf1 37. Rxf1 Qf7 38. Rg1 Ra2 39. Rg2 Ra1 40. Nxg7 Qxg7 41. Bxh6 Qa7 42.
g5 fxg5 43. hxg5 Qa2 44. f6 Qb1 45. Rg3 Ra2 46. f7 Rxc2 47. g6 Rxd2+ 48. Bg2
Rxg2+ 49. Rxg2 1-0

[Event "Superbet POL Rapid 2024"]
[Site "Warsaw POL"]
[Date "2024.05.08"]
[Round "1.3"]
[White "Praggnanandhaa, R"]
[Black "Duda, Jan-Krzysztof"]
[Result "1/2-1/2"]
[WhiteTitle "GM"]
[BlackTitle "GM"]
[WhiteElo "2747"]
[BlackElo "2734"]
[WhiteFideId "25059530"]
[BlackFideId "1170546"]
[EventDate "2024.05.08"]

1. e4 e5 2. Nf3 Nc6 3. Bc4 Bc5 4. O-O Nf6 5. d3 d6 6. c3 a5 7. Re1 h6 8. Bb5 O-O
9. h3 Bb6 10. Nbd2 Be6 11. a4 Nh7 12. Nc4 Ba7 13. Bxc6 bxc6 14. Nxa5 Bxf2+ 15.
Kxf2 Rxa5 16. b4 Ra8 17. d4 f5 18. dxe5 fxe4 19. Rxe4 Bd5 20. Rf4 dxe5 21. Rxf8+
Qxf8 22. Kg1 Nf6 23. Be3 Ne4 24. Qc2 c5 25. Rd1 Qf7 26. c4 Bb7 27. bxc5 Re8 28.
Qb2 Bc6 29. Nxe5 Qh5 30. Ng4 Ng5 31. Bxg5 Qxg5 32. Qf2 h5 33. Nh2 Rf8 34. Qd2
Qxc5+ 35. Qd4 Qg5 36. Qd2 Qe5 37. Nf1 Re8 38. Qf2 Qc3 39. Qc5 Qf6 40. Qxh5 Rf8
41. Qe2 Bxa4 42. Re1 Qd4+ 43. Qe3 Qxc4 44. Rc1 Qf7 45. Nh2 Re8 46. Qd4 Bc6 47.
Ng4 Ba8 48. Rf1 Qd5 49. Qf2 c5 50. Qg3 Kh8 51. Qh4+ Kg8 52. Qg3 Kh8 53. Qh4+ Kg8
54. Qg3 1/2-1/2

[Event "Superbet POL Rapid 2024"]
[Site "Warsaw POL"]
[Date "2024.05.08"]
[Round "2.5"]
[White "Shevchenko, Kirill"]
[Black "Praggnanandhaa, R"]
[Result "1-0"]
[WhiteTitle "GM"]
[BlackTitle "GM"]
[WhiteElo "2677"]
[BlackElo "2747"]
[WhiteFideId "14129574"]
[BlackFideId "25059530"]
[EventDate "2024.05.08"]

1. d4 Nf6 2. c4 e6 3. Nf3 Bb4+ 4. Nbd2 O-O 5. a3 Bxd2+ 6. Bxd2 d6 7. g3 Qe7 8.
Bg2 e5 9. O-O Bg4 10. Nxe5 dxe5 11. Bb4 c5 12. Bxc5 Qc7 13. Bxf8 Kxf8 14. dxe5
Ne8 15. f4 Nc6 16. Qc2 g6 17. Rad1 Qb6+ 18. c5 Qb5 19. Rd2 Ng7 20. e4 Ne6 21. b4
Ned4 22. Qb2 Rd8 23. h3 Be2 24. Rf2 Bd3 25. Kh2 a5 26. a4 Qc4 27. bxa5 Qb3 28.
Qc1 Ba6 29. Qe1 Qxa4 30. Qe3 Qb3 31. Qxb3 Nxb3 32. Rd5 Nbxa5 33. Bf1 Bxf1 34.
Rxf1 Ke8 35. Rfd1 Rc8 36. Rd7 Nb8 37. e6 Na6 38. Rxf7 Rxc5 39. f5 gxf5 40. exf5
Nc6 41. f6 Re5 42. Rxh7 Rxe6 43. f7+ Kf8 44. Rf1 1-0

[Event "Superbet POL Rapid 2024"]
[Site "Warsaw POL"]
[Date "2024.05.08"]
[Round "3.1"]
[White "Praggnanandhaa, R"]
[Black "Abdusattorov, Nodirbek"]
[Result "1-0"]
[WhiteTitle "GM"]
[BlackTitle "GM"]
[WhiteElo "2747"]
[BlackElo "2766"]
[WhiteFideId "25059530"]
[BlackFideId "14204118"]
[EventDate "2024.05.08"]

1. e4 d6 2. d4 Nf6 3. Nc3 e5 4. Nf3 Nbd7 5. Bc4 Be7 6. O-O O-O 7. a4 c6 8. Re1
h6 9. h3 Re8 10. Be3 exd4 11. Bxd4 Nf8 12. Qd3 Be6 13. Rad1 a6 14. Bb3 Bxb3 15.
cxb3 Ne6 16. Qc2 Bf8 17. e5 Nxd4 18. Rxd4 Qb6 19. a5 Qa7 20. Rf4 dxe5 21. Rxf6
gxf6 22. Ne4 Re6 23. Nh4 f5 24. Nxf5 Rd8 25. Re3 Rd4 26. Qe2 Rxe4 27. Rxe4 Qc5
28. b4 Qd5 29. h4 Kh7 30. h5 Be7 31. Qf3 Bg5 32. Ne3 Qd7 33. Qf5+ Kg7 34. Rxe5
Bxe3 35. Rxe3 Qd1+ 36. Kh2 Rxe3 37. fxe3 Qe2 38. Qe5+ Kh7 39. Kh3 Kg8 40. Qg3+
Kf8 41. Qd6+ Kg7 42. Qd4+ Kh7 43. Qe4+ Kh8 44. Qf3 Qc4 45. Qf4 Qe6+ 46. Kg3 Kh7
47. Kf3 Qb3 48. Qe4+ Kg8 49. Qg4+ Kh7 50. Qd4 Kg8 51. g4 Qe6 52. Qd8+ Kh7 53.
Qd3+ Kg8 54. Qd8+ Kh7 55. Qd4 Kg8 56. Kg3 Qe7 57. Qf4 Kg7 58. Kf3 Qe6 59. Kf2
Qe7 60. Ke2 Qe6 61. g5 hxg5 62. Qxg5+ Kh7 63. Kf3 f5 64. Qf4 Qd5+ 65. Kg3 Qe6
66. Kh4 Qe7+ 67. Kg3 Qd7 68. Qe5 Qd3 69. Kf4 Qc4+ 70. Kg5 Qg4+ 71. Kf6 Qh4+ 72.
Ke6 Qc4+ 73. Kxf5 Qxb4 74. Kg5 Qd2 75. Qe7+ Kg8 76. Kh6 1-0

[Event "Superbet POL Rapid 2024"]
[Site "Warsaw POL"]
[Date "2024.05.08"]
[Round "3.3"]
[White "Carlsen, Magnus"]
[Black "Duda, Jan-Krzysztof"]
[Result "1/2-1/2"]
[WhiteTitle "GM"]
[BlackTitle "GM"]
[WhiteElo "2830"]
[BlackElo "2734"]
[WhiteFideId "1503014"]
[BlackFideId "1170546"]
[EventDate "2024.05.08"]

1. e4 c5 2. Nf3 d6 3. h3 Nf6 4. Nc3 a6 5. a4 e6 6. d4 cxd4 7. Nxd4 b6 8. g4 Bb7
9. Bg2 Be7 10. g5 Nfd7 11. h4 Nc6 12. Nxc6 Bxc6 13. Qd4 O-O 14. b3 b5 15. Bb2 e5
16. Qd2 bxa4 17. Nxa4 f6 18. g6 hxg6 19. h5 g5 20. Nc3 Kh8 21. Nd5 Nc5 22. Ba3
a5 23. O-O-O Bxd5 24. Qxd5 Qb6 25. Bh3 a4 26. b4 Na6 27. Qe6 Nxb4 28. Bxb4 Qxb4
29. Qxe7 a3 30. h6 Qb2+ 31. Kd2 Qd4+ 32. Kc1 Qb2+ 33. Kd2 Qd4+ 34. Kc1 Qb2+ 1/2-1/2

[Event "Superbet POL Rapid 2024"]
[Site "Warsaw POL"]
[Date "2024.05.09"]
[Round "4.2"]
[White "Shevchenko, Kirill"]
[Black "Carlsen, Magnus"]
[Result "1/2-1/2"]
[WhiteTitle "GM"]
[BlackTitle "GM"]
[WhiteElo "2677"]
[BlackElo "2830"]
[WhiteFideId "14129574"]
[BlackFideId "1503014"]
[EventDate "2024.05.08"]

1. d4 d5 2. c4 e6 3. Nf3 Nf6 4. Nc3 Be7 5. Bf4 O-O 6. e3 c5 7. dxc5 Bxc5 8. cxd5
Nxd5 9. Nxd5 exd5 10. Bd3 Bb4+ 11. Nd2 Nc6 12. O-O Be7 13. Rc1 Bf6 14. a3 g6 15.
Qb3 a5 16. Bb5 Be6 17. Rfd1 Rc8 18. Bf1 Qe7 19. Qb5 Rfd8 20. h3 a4 21. b3 Qxa3
22. bxa4 Nd4 23. Qd3 Qxd3 24. Bxd3 Rxc1 25. Rxc1 Nc6 26. Nb3 g5 27. Bg3 d4 28.
Nc5 dxe3 29. fxe3 Bb2 30. Rc2 Be5 31. Bxe5 Nxe5 32. Nxe6 fxe6 33. Be4 b6 34. a5
bxa5 35. Rc5 Nf7 36. Rxa5 Kg7 37. Ra6 Re8 38. Ra7 h5 39. Bf3 Rh8 40. Ra6 Kf6 41.
Bd5 Re8 42. Bf3 Rh8 43. Bd5 Nd8 44. Bc4 h4 45. Ra8 Nf7 46. Rxh8 Nxh8 47. g3 Nf7
48. Kg2 Ne5 49. Bb3 Ke7 50. Ba2 Kf6 51. Bb3 Ke7 52. Ba2 Kf7 53. Bb3 Kf6 54. Ba2
Kf5 55. Bb1+ Kf6 56. Ba2 Kf5 57. Bb1+ Kf6 1/2-1/2

[Event "Superbet POL Rapid 2024"]
[Site "Warsaw POL"]
[Date "2024.05.09"]
[Round "5.2"]
[White "Carlsen, Magnus"]
[Black "Abdusattorov, Nodirbek"]
[Result "1-0"]
[WhiteTitle "GM"]
[BlackTitle "GM"]
[WhiteElo "2830"]
[BlackElo "2766"]
[WhiteFideId "1503014"]
[BlackFideId "14204118"]
[EventDate "2024.05.08"]

1. e4 e5 2. Nf3 Nf6 3. d4 Nxe4 4. Bd3 d5 5. Nxe5 Nd7 6. Nxd7 Bxd7 7. Nd2 Nf6 8.
O-O Be7 9. h3 O-O 10. Nf3 Re8 11. Re1 c5 12. c3 Qb6 13. a4 cxd4 14. a5 Qc7 15.
Nxd4 Bc5 16. Rxe8+ Rxe8 17. a6 bxa6 18. Rxa6 Bb6 19. Be3 Ne4 20. Bxe4 dxe4 21.
Nc2 Bb5 22. Bxb6 axb6 23. Ra3 Rd8 24. Qa1 Bc6 25. Ra7 Qf4 26. Qe1 h5 27. Nd4 Bd5
28. Qe3 Qf6 29. Ra4 h4 30. Rb4 Bb7 31. Ra4 g6 32. Ra7 Bd5 33. Qh6 Bc4 34. Rc7
Bd5 35. Ra7 Bc4 36. Qe3 Bd5 37. Ra1 Bb7 38. Rd1 Kh7 39. Qc1 Ba6 40. Nc2 Bd3 41.
Nb4 Bc4 42. Rxd8 Qxd8 43. Qf4 f5 44. Nc6 Qf6 45. Qc7+ Kh6 46. Nd4 Bd5 47. Qf4+
Kg7 48. Qc7+ Kh6 49. b4 f4 50. Qd7 Qe5 51. Qd8 e3 52. Qxh4+ Kg7 53. fxe3 fxe3
54. Ne2 b5 55. Qf4 Qe6 56. Qd4+ Kh7 57. Nf4 e2 58. Nxe2 Qxe2 59. Qxd5 Qe3+ 60.
Kh2 Qf4+ 61. g3 Qe3 62. Qd4 Qe2+ 63. Kg1 Qf3 64. Qe5 Kg8 65. h4 Kh7 66. Kh2 Qf2+
67. Kh3 Qf3 68. Kh2 Qf2+ 69. Kh3 Qf3 70. Qd4 Qf1+ 71. Kh2 Qe2+ 72. Kg1 Qf3 73.
Qd7+ Kh6 74. Qd2+ Kh7 75. Kh2 Qf1 76. Qd5 Kh6 77. Qe4 Kg7 78. Qe3 Kh7 79. g4 Qd1
80. Kg3 Qd6+ 81. Qf4 Qd3+ 82. Qf3 Qd6+ 83. Kh3 Qd2 84. h5 gxh5 85. Qf7+ Kh8 86.
Qxh5+ Kg7 87. Qe5+ Kh7 88. Kg3 Kg8 89. Kf3 Kh7 90. Qd4 Qb2 91. Kf4 Kg6 92. Qd6+
Kh7 93. Kg5 Qc1+ 94. Qf4 Qe1 95. Qc7+ Kg8 96. Qd8+ Kh7 97. Qd7+ Kg8 98. Kg6 Qe4+
99. Qf5 Qc6+ 100. Kg5 Kg7 101. Qe5+ Kf7 102. Kf4 Qc4+ 103. Qd4 Qc7+ 104. Ke4 Kg6
105. Kd5 Kf7 106. Qe5 Qc4+ 107. Kd6 1-0

[Event "Superbet POL Rapid 2024"]
[Site "Warsaw POL"]
[Date "2024.05.09"]
[Round "5.3"]
[White "Praggnanandhaa, R"]
[Black "Giri, Anish"]
[Result "1-0"]
[WhiteTitle "GM"]
[BlackTitle "GM"]
[WhiteElo "2747"]
[BlackElo "2745"]
[WhiteFideId "25059530"]
[BlackFideId "24116068"]
[EventDate "2024.05.08"]

1. d4 Nf6 2. Bg5 d5 3. Nd2 c5 4. dxc5 e6 5. e4 Bxc5 6. e5 Qb6 7. exf6 Bxf2+ 8.
Ke2 e5 9. fxg7 Rg8 10. Ndf3 Rxg7 11. Qd2 Nc6 12. a4 e4 13. Ra3 Bxg1 14. Nxg1
Nd4+ 15. Kd1 Qxb2 16. Rg3 Qa1+ 17. Qc1 Qxa4 18. Qb2 Bd7 19. Bf6 Rxg3 20. hxg3
Nf5 21. Rxh7 1-0

[Event "Superbet POL Rapid 2024"]
[Site "Warsaw POL"]
[Date "2024.05.09"]
[Round "6.2"]
[White "Giri, Anish"]
[Black "Duda, Jan-Krzysztof"]
[Result "1/2-1/2"]
[WhiteTitle "GM"]
[BlackTitle "GM"]
[WhiteElo "2745"]
[BlackElo "2734"]
[WhiteFideId "24116068"]
[BlackFideId "1170546"]
[EventDate "2024.05.08"]

1. d4 Nf6 2. c4 g6 3. Nc3 d5 4. cxd5 Nxd5 5. e4 Nxc3 6. bxc3 Bg7 7. Nf3 c5 8.
Bb5+ Bd7 9. Be2 O-O 10. O-O cxd4 11. cxd4 Bc6 12. Qd3 Nd7 13. Rb1 Rc8 14. d5 Ba4
15. Qa3 Bc2 16. Rxb7 Bxe4 17. Bg5 Nf6 18. Rxe7 Bxd5 19. Rxa7 Rc2 20. Qd3 Rxa2
21. Rxa2 Bxa2 22. Qxd8 Rxd8 23. Rd1 Rxd1+ 24. Bxd1 h6 25. Be3 Nd5 26. Bd4 Nc3
27. Bxg7 Kxg7 28. Bc2 Bb1 29. Bxb1 Nxb1 30. Kf1 Nc3 31. Ke1 Nd5 32. g3 Kf6 33.
Ke2 Nc3+ 34. Kd3 Nd1 35. Ke2 Nc3+ 36. Kd3 Nd1 37. Ke2 Nc3+ 38. Kd3 1/2-1/2

[Event "Superbet POL Rapid 2024"]
[Site "Warsaw POL"]
[Date "2024.05.10"]
[Round "7.2"]
[White "Carlsen, Magnus"]
[Black "Praggnanandhaa, R"]
[Result "1/2-1/2"]
[WhiteTitle "GM"]
[BlackTitle "GM"]
[WhiteElo "2830"]
[BlackElo "2747"]
[WhiteFideId "1503014"]
[BlackFideId "25059530"]
[EventDate "2024.05.08"]

1. e4 e5 2. Nf3 Nc6 3. Bc4 Bc5 4. O-O Nf6 5. d3 d6 6. c3 a6 7. a4 Ba7 8. Nbd2
O-O 9. h3 h6 10. b4 Ne7 11. Re1 Ng6 12. d4 c6 13. Bf1 Re8 14. Qc2 d5 15. exd5
exd4 16. Rxe8+ Qxe8 17. c4 cxd5 18. c5 Ne4 19. Nxd4 a5 20. Nxe4 dxe4 21. Nb5 Bb8
22. Bb2 axb4 23. Re1 Bf5 24. Qb3 Bf4 25. Qxb4 Qd7 26. Qd4 Qxd4 27. Nxd4 Bd7 28.
Bb5 Bxb5 29. axb5 Ra2 30. Bc3 Ra4 31. c6 Rc4 32. Ba1 bxc6 33. Nxc6 Bc7 34. Bd4
Nf4 35. Kf1 Nd5 36. Rxe4 Kh7 37. Re1 Nb4 38. Be5 Bb6 39. Nxb4 Rxb4 40. g3 Rxb5
41. Bf4 Rb2 42. Be3 Bxe3 43. Rxe3 Rb1+ 44. Kg2 g6 45. h4 h5 46. Rf3 Kg7 47. Re3
Kh7 48. Rf3 Kg7 49. Re3 Kh7 1/2-1/2

[Event "Superbet POL Rapid 2024"]
[Site "Warsaw POL"]
[Date "2024.05.10"]
[Round "7.4"]
[White "Duda, Jan-Krzysztof"]
[Black "Shevchenko, Kirill"]
[Result "1/2-1/2"]
[WhiteTitle "GM"]
[BlackTitle "GM"]
[WhiteElo "2734"]
[BlackElo "2677"]
[WhiteFideId "1170546"]
[BlackFideId "14129574"]
[EventDate "2024.05.08"]

1. c4 c6 2. Nf3 d5 3. g3 Nf6 4. Bg2 dxc4 5. O-O Nbd7 6. Na3 Nb6 7. Qc2 Be6 8.
Ne5 h5 9. Naxc4 Nxc4 10. Nxc4 h4 11. d4 hxg3 12. hxg3 Bh3 13. Bf4 Bxg2 14. Kxg2
Qxd4 15. Rfd1 Qe4+ 16. Qxe4 Nxe4 17. Na5 Rh5 18. b4 e5 19. Be3 Nc3 20. Rd3 Nd5
21. Nxb7 Bxb4 22. Rb1 Be7 23. Bc5 e4 24. Ra3 a5 25. f3 exf3+ 26. Kxf3 Rf5+ 27.
Kg2 Re5 28. Kf3 Rb8 29. Bxe7 Kxe7 30. Rbb3 Rf5+ 31. Kg2 Re5 32. Kf3 Rf5+ 33. Kg2
Re5 1/2-1/2

[Event "Superbet POL Rapid 2024"]
[Site "Warsaw POL"]
[Date "2024.05.10"]
[Round "8.1"]
[White "Giri, Anish"]
[Black "Shevchenko, Kirill"]
[Result "1-0"]
[WhiteTitle "GM"]
[BlackTitle "GM"]
[WhiteElo "2745"]
[BlackElo "2677"]
[WhiteFideId "24116068"]
[BlackFideId "14129574"]
[EventDate "2024.05.08"]

1. Nf3 d5 2. d4 Nf6 3. c4 c6 4. cxd5 cxd5 5. Nc3 Nc6 6. Bf4 Bf5 7. Qb3 Na5 8.
Qa4+ Bd7 9. Qc2 e6 10. e3 Rc8 11. Bd3 Bb4 12. O-O Nh5 13. Be5 f6 14. Bg3 Nxg3
15. hxg3 Nc4 16. Rfc1 Qb6 17. Rab1 g6 18. e4 Qd6 19. exd5 Na3 20. bxa3 Rxc3 21.
dxe6 Bc6 22. Qd2 Rxc1+ 23. Qxc1 Bxa3 24. Qh6 Kd8 25. Qg7 Rf8 26. Qxh7 Qxe6 27.
Bxg6 Bd6 28. Rb3 Bd5 29. Re3 Qd7 30. Qh5 Qc6 31. a4 Kc7 32. Qh7+ Kb8 33. Be4
Bxe4 34. Qxe4 Qxa4 35. Nh4 Bc7 36. Nf5 Qb5 37. Re1 Qd7 38. d5 Bb6 39. d6 Rd8 40.
g4 Bc5 41. Rd1 Re8 42. Qd5 Bb6 43. Qf3 Qa4 44. g3 Rc8 45. Kg2 Rc2 46. Ne3 Rc8
47. Qf4 Qc6+ 48. Nd5 Ka8 49. d7 Rf8 50. Qf3 Bd8 51. Nf4 Kb8 52. Qxc6 bxc6 53.
Ne6 Rg8 54. Rb1+ Ka8 55. f4 a5 56. g5 fxg5 57. fxg5 Ka7 58. g6 Bf6 59. Rf1 1-0

[Event "Superbet POL Rapid 2024"]
[Site "Warsaw POL"]
[Date "2024.05.10"]
[Round "8.2"]
[White "Abdusattorov, Nodirbek"]
[Black "Duda, Jan-Krzysztof"]
[Result "1/2-1/2"]
[WhiteTitle "GM"]
[BlackTitle "GM"]
[WhiteElo "2766"]
[BlackElo "2734"]
[WhiteFideId "14204118"]
[BlackFideId "1170546"]
[EventDate "2024.05.08"]

1. Nf3 d5 2. c4 e6 3. g3 Nf6 4. Bg2 Be7 5. O-O O-O 6. d3 b6 7. cxd5 Nxd5 8. Nc3
Bb7 9. Nxd5 Bxd5 10. d4 Nd7 11. Bf4 c5 12. Rc1 Rc8 13. Qa4 Bf6 14. b4 a5 15.
dxc5 axb4 16. cxb6 Nxb6 17. Qxb4 Bxa2 18. Rxc8 Nxc8 19. Ne5 Ne7 20. Qa4 Bd5 21.
e4 Qa8 22. Qc2 Rc8 23. Qb1 Ba2 24. Qb6 Bxe5 25. Bxe5 Ng6 26. Bd6 Qc6 27. Qb4 Qc3
28. Qb6 Qc6 29. Qb4 Qc3 30. Qxc3 Rxc3 31. Ra1 Rc2 32. h4 f6 33. Rd1 Ne5 34. Bxe5
fxe5 35. Bf3 Kf7 36. Rd7+ Kf6 37. Bh5 g6 38. Bd1 Rc1 39. Kg2 Bc4 40. g4 h6 41.
Bf3 Bf1+ 42. Kh2 Rc3 43. Bg2 Bxg2 44. Kxg2 g5 45. h5 Rg3+ 46. Kxg3 1/2-1/2

[Event "Superbet POL Rapid 2024"]
[Site "Warsaw POL"]
[Date "2024.05.10"]
[Round "9.1"]
[White "Shevchenko, Kirill"]
[Black "Abdusattorov, Nodirbek"]
[Result "1/2-1/2"]
[WhiteTitle "GM"]
[BlackTitle "GM"]
[WhiteElo "2677"]
[BlackElo "2766"]
[WhiteFideId "14129574"]
[BlackFideId "14204118"]
[EventDate "2024.05.08"]

1. e4 e5 2. Nf3 d6 3. d4 exd4 4. Nxd4 Nf6 5. Nc3 Be7 6. Bc4 O-O 7. O-O c6 8. Re1
b5 9. Bb3 b4 10. Na4 Bg4 11. Qd3 c5 12. h3 Bd7 13. Nf3 Qe8 14. e5 dxe5 15. Rxe5
Bxa4 16. Bxa4 Qxa4 17. Rxe7 Nc6 18. Re1 Rfd8 19. Qc4 Nd4 20. Nxd4 cxd4 21. b3
Qa5 22. Bb2 Rac8 23. Qd3 Qc5 24. Rad1 Qxc2 25. Qxc2 Rxc2 26. Bxd4 a6 27. Bc5
Rxd1 28. Rxd1 h5 29. Bxb4 Rxa2 30. Rd4 Rb2 31. Be7 Rxb3 32. Rd8+ Kh7 33. Bxf6
gxf6 34. Rd6 Ra3 35. Rxf6 Kg7 36. Rc6 a5 37. g3 a4 38. Ra6 f6 39. Kg2 Kg6 40.
Ra5 Kh6 41. Rf5 Kg6 42. Ra5 Kh6 43. Rf5 Kg6 1/2-1/2

[Event "Superbet POL Rapid 2024"]
[Site "Warsaw POL"]
[Date "2024.05.10"]
[Round "9.4"]
[White "Carlsen, Magnus"]
[Black "Giri, Anish"]
[Result "1/2-1/2"]
[WhiteTitle "GM"]
[BlackTitle "GM"]
[WhiteElo "2830"]
[BlackElo "2745"]
[WhiteFideId "1503014"]
[BlackFideId "24116068"]
[EventDate "2024.05.08"]

1. e4 e5 2. Nf3 Nc6 3. Bc4 Nf6 4. d3 Bc5 5. O-O d6 6. c3 a5 7. Re1 O-O 8. h3 Be6
9. Bb5 Ba7 10. d4 Bd7 11. Ba4 Re8 12. Bc2 h6 13. a4 exd4 14. cxd4 Nb4 15. Nc3
Nxc2 16. Qxc2 c6 17. Be3 Nxe4 18. Nxe4 Bf5 19. Nfd2 d5 20. Qb3 dxe4 21. Qxb7
Bxd4 22. Nc4 c5 23. Rad1 Qf6 24. Qb6 Qxb6 25. Nxb6 Rab8 26. Nc4 Rb4 27. Bxd4
cxd4 28. Rxd4 Rxa4 29. b3 Rb4 30. Rd5 Be6 31. Rxa5 Bxc4 32. bxc4 Rxc4 33. f3 Re6
34. Rxe4 Rcxe4 35. fxe4 Rxe4 36. Kf2 g6 37. Kf3 Rb4 38. g3 Rb3+ 39. Kg2 Rb2+ 40.
Kf3 g5 41. g4 Kg7 42. Kg3 Kg6 43. Ra6+ f6 44. Rc6 Rb1 45. Kg2 Rb4 46. Kg3 h5 47.
gxh5+ Kf5 48. Rc5+ Ke6 49. Rc6+ Ke5 50. Rc5+ Kd6 51. Rc8 Rh4 52. Rh8 Ke5 53.
Re8+ Kf5 54. Rh8 Ra4 55. Rb8 Rh4 56. Rb5+ Ke6 57. Rb6+ Kf7 58. Rb7+ Kg8 59. Rb8+
Kg7 60. Rb7+ Kh6 61. Rb6 Rf4 62. h4 Kxh5 63. hxg5 Kxg5 64. Rb5+ f5 65. Rb8 Ra4
66. Rg8+ Kf6 67. Rf8+ Kg6 68. Rg8+ Kf6 1/2-1/2

[Event "Superbet POL Rapid 2024"]
[Site "Warsaw POL"]
[Date "2024.05.10"]
[Round "9.5"]
[White "Duda, Jan-Krzysztof"]
[Black "Gukesh, D"]
[Result "1-0"]
[WhiteTitle "GM"]
[BlackTitle "GM"]
[WhiteElo "2734"]
[BlackElo "2764"]
[WhiteFideId "1170546"]
[BlackFideId "46616543"]
[EventDate "2024.05.08"]

1. d4 Nf6 2. Nf3 d5 3. g3 g6 4. Bg2 Bg7 5. c4 c6 6. cxd5 cxd5 7. Nc3 O-O 8. Ne5
Nc6 9. O-O Nd7 10. Nxd5 Ndxe5 11. dxe5 Bxe5 12. Bh6 Re8 13. Qd2 Be6 14. Rfd1
Bxd5 15. Bxd5 Qb6 16. Qe3 Bf6 17. Rd2 Nd4 18. Rad1 Nf5 19. Qxb6 axb6 20. Bxb7
Rab8 21. Bc6 Nxh6 22. Bxe8 Rxe8 23. Rd8 Kf8 24. b4 Nf5 25. a4 Bc3 26. Rxe8+ Kxe8
27. Rb1 Kd7 28. Kf1 Nd6 29. Rb3 Bf6 30. e3 Kc6 31. Ke2 Ne4 32. a5 Kb5 33. axb6
Kxb6 34. f3 Nd6 35. g4 g5 36. f4 h6 37. Kd3 Kb5 38. Rb1 Ka4 39. Kc2 Nb5 40. Kd3
Nc3 41. Rf1 Nd5 42. Ke4 e6 43. Rc1 gxf4 44. exf4 Nxf4 45. Rc7 Nh3 46. Rb7 Bd8
47. Kd4 Ng5 48. Kc4 Ka3 49. b5 Ne4 50. Ra7+ Kb2 51. Ra6 Bc7 52. h4 Bg3 53. h5
Kc2 54. b6 Nd6+ 55. Kc5 f5 56. gxf5 exf5 57. Ra3 Ne4+ 58. Kd5 Bb8 59. Ra8 Bf4
60. b7 Nf6+ 61. Kc6 Nxh5 62. Rc8 Nf6 63. Rc7 Bxc7 64. Kxc7 f4 65. b8=Q f3 66.
Qa8 1-0